Quizzes
Events
Quiz Creation
Community
Videos
Private Events
Remove Ads
Sign In
Join for FREE
Feedback
Dark Mode
Quiz Categories
Sports
Geography
Music
Movies
Television
Just For Fun
Miscellaneous
History
Literature
Language
Science
Gaming
Entertainment
Religion
Holiday
For Kids
Quiz Lab
Recent
Popular Today
Quiz Kudos Today
Editor Picks
Curator Picks
Quizzes by...
Day
Popularity
Type
Ratings
Length
Year
Community
Subscriptions
Recent Discussions
Orange Saloon
Badges
Playlists
Quests
Create
Leaderboards
Showdown
Live 5
Trivia Bingo
Activity
Puzzle Library
Sporcle Events
Private Events
Virtual Trivia
Globe League
Become a Host
Pub Owners
SporcleCon
Opinionation
Our Games
Videos
Blog
Mobile Apps
Partnerships
Remove Ads and Go Orange
Feedback
Literature
Harry Potter
A Song of Ice and Fire
The Hunger Games
Literary Character
Shakespeare
Book
Author
Novel
Poem
Young Adult
Children's Books
Play
Lord of the Rings
Literature
Harry Potter
A Song of Ice and Fire
The Hunger Games
Literary Character
Shakespeare
Book
Author
Novel
Poem
Young Adult
Children's Books
Play
Lord of the Rings
Random Quiz
Search Sporcle
×
Quiz Lab
Quiz Lab
Literature
A Song of Ice and Fire
Type in answers that appear in a list
Type in answers that appear in a list
Classic
Best Score? Go Orange.
A Song of Ice and Fire Most Mentioned Stats
Can you name the A Song of Ice and Fire Most Mentioned
By
blue1924
20m
300 Questions
397 Plays
397 Plays
397 Plays
Comments
Comments
Give Quiz Kudos
Give Quiz Kudos
-
- Ratings
hide this ad
Replay
Link that replays current quiz
Next Quiz
Link to next quiz in quiz playlist
You Got
0%
They Got
Avg Score
57%
Avg Friend Score
Upgrade to see
Score Distribution
Jump to the score distribution portion of the page
Score
0/300
Timer
20:00
0
Plays Today
Mentions
Character
% Correct
3009
Jon Snow
99%
221
Jon Connington
99%
206
Jon Arryn
99%
106
Greatjon Umber
99%
2932
Tyrion Lannister
96.7%
1524
Sansa Stark
96.7%
1767
Arya Stark
96.5%
1367
Eddard Stark
96.2%
1594
Daenerys Targaryen
95.7%
1439
Bran Stark
95.7%
69
Brandon Stark
95.7%
1701
Jaime Lannister
94.9%
1229
Catelyn Tully
94.9%
1180
Cersei Lannister
94.4%
1162
Robb Stark
93.4%
191
Robert Arryn
93.4%
1125
Stannis Baratheon
93.2%
905
Robert Baratheon
93.2%
183
Rickon Stark
92.9%
999
Theon Greyjoy
92.2%
676
Petyr Baelish
91.7%
364
Asha Greyjoy
91.7%
104
Tom of Sevnstreams
91.7%
47
Fat Tom
91.7%
681
Tywin Lannister
91.4%
1140
Samwell Tarly
91.2%
579
Sandor Clegane
90.7%
523
Jorah Mormont
90.7%
434
Varys
90.7%
1042
Joffrey Baratheon
90.2%
493
Jeor Mormont
90.2%
725
Brienne of Tarth
89.9%
534
Renly Baratheon
89.9%
369
Gregor Clegane
89.9%
193
Viserys Targaryen
89.6%
320
Loras Tyrell
89.4%
308
Margaery Tyrell
89.4%
281
Melisandre
89.4%
411
Tommen Baratheon
88.9%
349
Lysa Tully
88.9%
327
Ramsay Bolton
88.9%
353
Roose Bolton
88.4%
676
Davos Seaworth
88.1%
199
Balon Greyjoy
88.1%
108
Balon Swann
88.1%
253
Euron Greyjoy
87.9%
198
Myrcella Baratheon
87.9%
385
Mance Rayder
87.1%
186
Oberyn Martell
87.1%
329
Hodor
86.9%
291
Khal Drogo
86.1%
290
Maester Pycelle
85.9%
271
Gendry
85.9%
226
Walder Frey
85.9%
91
Little Walder Frey
85.9%
66
Big Walder Frey
85.9%
52
Olenna Redwyne
85.6%
207
Mace Tyrell
85.4%
128
Doran Martell
85.4%
271
Victarion Greyjoy
85.1%
216
Rhaegar Targaryen
85.1%
560
Barristan Selmy
84.8%
222
Aerys II Targaryen
84.3%
240
Kevan Lannister
84.1%
79
Aegon VI Targaryen
83.6%
300
Edmure Tully
83.3%
182
Ygritte
83.1%
103
Aegon I Targaryen
82.6%
34
Petyr Frey
82.6%
207
Jojen Reed
82.3%
246
Meera Reed
81.8%
310
Maester Aemon
81.6%
204
Grenn
81.6%
202
Tormund Giantsbane
81.6%
264
Maester Luwin
81.3%
230
Rodrik Cassel
81.3%
52
Rodrik Harlaw
81.3%
52
Shireen Baratheon
81.3%
35
Aemon the Dragonknight
81.3%
151
Pyp
81.1%
114
Ben Plumm
80.8%
214
Podrick Payne
80.6%
227
Gilly
80.3%
333
Bronn
80.1%
276
Quentyn Martell
80.1%
43
Lyanna Stark
80.1%
160
Lancel Lannister
79.8%
108
Hoster Tully
79.8%
106
Jory Cassel
79.8%
190
Aeron Greyjoy
79.5%
103
Osha
78.8%
87
Selyse Florent
78.3%
151
Arianne Martell
78%
216
Beric Dondarrion
77.8%
81
Rickard Karstark
77.5%
215
Brynden Tully
77.3%
61
Will
77.3%
198
Hot Pie
76.3%
131
Irri
76.3%
62
Jeyne Westerling
76%
Mentions
Character
% Correct
168
Alliser Thorne
75.8%
124
Jeyne Poole
75.8%
111
Thoros of Myr
75.5%
74
Jaqen H'ghar
75.5%
45
Nymeria Sand
75.5%
116
Benjen Stark
74%
166
Shae
73.7%
55
Obara Sand
73.7%
70
Elia Martell
73%
99
Missandei
72.7%
169
Craster
72.5%
142
Meryn Trant
71%
61
Grey Worm
71%
220
Janos Slynt
70.5%
103
Arys Oakheart
70.2%
46
Doreah
69.9%
44
Willas Tyrell
69.7%
179
Daario Naharis
69.2%
171
Wyman Manderly
68.7%
267
Hizdahr zo Loraq
68.4%
48
Tyene Sand
68.4%
107
Xaro Xhoan Daxos
68.2%
134
Old Nan
67.9%
116
Jhiqui
67.9%
204
Illyrio Mopatis
67.4%
93
Maester Cressen
67.4%
89
Septa Mordane
66.4%
44
Garlan Tyrell
66.4%
127
Lem Lemoncloak
65.9%
112
Val
65.9%
170
Yoren
64.6%
82
Lommy Greenhand
64.6%
48
Gerold Dayne
64.4%
46
Arthur Dayne
64.1%
161
Ilyn Payne
63.9%
150
Osmund Kettleblack
63.4%
56
Sarella Sand
61.9%
74
Mirri Maz Duur
60.9%
92
Areo Hotah
60.6%
138
Boros Blount
60.1%
45
Mord
60.1%
138
Randyll Tarly
59.6%
47
Waymar Royce
59.6%
163
Qyburn
59.3%
154
Eddison Tollett
59.3%
40
Edric Storm
59.3%
45
Dalla
59.1%
188
Qhorin Halfhand
58.8%
36
Pyat Pree
58.8%
111
Vargo Hoat
57.8%
53
Rakharo
57.8%
95
Dick Crabb
57.6%
55
Biter
57.6%
77
Mya Stone
57.3%
33
Maege Mormont
57.3%
89
Osney Kettleblack
57.1%
162
Bowen Marsh
56.8%
71
Rorge
56.8%
50
Yohn Royce
55.6%
99
Rattleshirt
55.3%
84
Varamyr Sixskins
55.3%
120
Cleos Frey
54.8%
43
Osfryd Kettleblack
54.8%
74
Aggo
54.5%
47
Roslin Frey
54.5%
100
Chett
54%
63
Mandon Moore
54%
54
Lollys Stokeoworth
54%
64
Baelor Targaryen
53.8%
74
Merrett Frey
53.5%
34
Alys Karstark
53.3%
111
Taena Merryweather
52%
133
Penny
51.5%
77
Cotter Pyke
51.5%
74
High Septon #3
51.5%
49
Tickler
51.5%
46
High Septon #2
51.5%
71
Pate
51.3%
140
Strong Belwas
51%
89
Syrio Forel
51%
36
Gared
50.3%
42
Mikken
49%
107
Reznak mo Reznak
48.7%
53
Polliver
48.7%
42
Styr, Magnar of Thenn
48.7%
105
Donal Noye
48.5%
85
Jhogo
48%
64
Devan Seaworth
47%
71
Anguy
46.7%
54
Denys Mallister
46.5%
82
Nestor Royce
46.2%
96
Axell Florent
45.7%
78
Amory Lorch
44.9%
44
Dagmer Cleftjaw
44.9%
85
Shagga son of Dolf
44.7%
69
Yezzan zo Qaggaz
43.7%
52
Emmon Frey
43.7%
41
Falyse Stokeworth
43.4%
43
Patchface
43.2%
121
Dontos Hollard
42.7%
Mentions
Character
% Correct
78
Satin
42.2%
47
Lyn Corbray
42.2%
53
Kraznys mo Nakloz
41.7%
86
Rolly Duckfield
41.4%
47
Septa Lemore
41.4%
58
Tanda Stokeworth
40.9%
36
Qarl the Maid
40.9%
59
Tytos Blackwood
40.7%
62
Othell Yarwyck
40.2%
41
Alester Florent
40.2%
145
Skahaz mo Kandaq
39.9%
76
Paxter Redwyne
39.9%
58
Orton Merryweather
39.9%
58
Robett Glover
39.9%
46
Wendel Wanderly
39.9%
50
Vardis Egen
39.6%
48
Harry Strickland
39.4%
96
Gyles Rosby
39.1%
67
Weese
38.9%
50
Archibald Yronwood
38.6%
53
Tristifer Botley
38.4%
71
Marillion
38.1%
70
Jacelyn Bywater
38.1%
48
Three-Finger Hobb
37.9%
34
Myranda Royce
37.6%
84
Dareon
37.4%
43
Moqorro
37.4%
40
Moon Boy
37.4%
33
Robar Royce
37.4%
74
Harwin
36.9%
64
Harys Swyft
36.9%
40
Tysha
36.9%
45
Lothar Frey
36.4%
54
Galbart Glover
35.9%
137
Haldon Halfmaester
35.6%
52
Aurane Waters
35.6%
43
Jason Mallister
35.4%
61
Galazza Galare
34.8%
58
Small Paul
34.8%
37
Mycah
34.3%
68
Maester Pylos
33.1%
99
Hyle Hunt
32.6%
58
Jonos Bracken
32.3%
44
Shagwell
32.3%
40
Harma Dogshead
31.6%
43
Timett son of Timett
31.1%
52
Jarl
30.6%
91
Addam Marbrand
30.3%
115
Gerris Drinkwater
29.8%
49
Barbrey Ryswell
29.5%
40
Qotho
29.5%
49
Tattered Prince
29%
73
Ryman Frey
28.5%
67
Septon Meribald
28.3%
71
Clydas
26.8%
39
Daven Lannister
26%
38
Wex Pyke
26%
42
Pretty Meris
25.8%
59
Lothor Brune
25.5%
38
Groleo
25.5%
51
Cortnay Penrose
24.7%
66
Justin Massey
24.5%
45
Toad
24.5%
40
Maester Colemon
24.5%
37
Nurse
23%
40
Yandry
22.5%
37
Desmond Grell
22.2%
46
Iron Emmett
21.7%
37
Hosteen Frey
21.7%
35
Nute the Barber
21.7%
114
Salladhor Saan
21.5%
44
Cleon the Great
21.2%
33
Arnolf Karstark
21.2%
38
Jaremy Rykker
21%
34
Pia
21%
33
Leathers
21%
54
Thoren Smallwood
19.7%
41
Hallis Mollen
19.7%
36
Ronnet Connighton
18.2%
50
Mathis Rowan
17.9%
51
Edwyn Frey
16.9%
43
Rafford
16.4%
54
Dywen
15.9%
41
Garin
15.4%
43
Stonesnake
15.2%
38
Horse
14.4%
37
Lyle Crakeall
14.1%
37
Owen the Oaf
14.1%
35
Brusco
13.9%
43
Halder
13.4%
34
Josmyn Peckledon
12.6%
38
Mully
12.4%
37
Harren Hoare
12.4%
37
Clayton Suggs
12.1%
45
Godry Farring
11.6%
34
Holly
11.6%
35
Florian
10.6%
38
Marq Piper
8.3%
55
Steelshanks Walton
8.1%
41
Creighton Longbough
7.1%
Quiz Playlist
Details
Report
Send in Message
Add To Playlist
Classic:
Type in answers that appear in a list
Last Updated: Feb 16, 2017
Quiz Scoreboard
CHALLENGE
Sign Up to Join the Scoreboard
Show All
Scores
Hide
Comments
May contain spoilers
Recently Published
Presidents Visiting Landmarks
by Hejman
History
7m
An Introduction to Baseball
by treessimontrees
Sports
5m
Movies - When Are They Set?
by FPL_Elf
Movies
5m
More to Explore
Quiz From the Vault
Featured Blog Post
Where Did the Easter Bunny Come From?
hide this ad
You Might Also Like...
Tags
A Song of Ice and Fire Quiz
Game of Thrones
Today's Top Quizzes in Literature
Browse Literature
hide this ad
Today's Top Quizzes in A Song of Ice and Fire
Browse A Song of Ice and Fire
Top Contributed Quizzes in Literature
1
Sneaky Slytherin Logic Puzzle
2
Get The Picture: Black or White Literature
3
A Court of Thorns and Roses (ACoTaR) Logic Puzzle
4
One Thing in Common: Literature
5
5-to-1: Plays
6
Harry Potter Neighbourly Logic Puzzle #5
7
One Thing in Common: Literature 3
8
One Thing in Common: Literature II
9
One Thing in Common: Books
10
Harry Potter Neighbourly Logic Puzzle #3
Explore More
Trending Topics
Anime
Marvel
Disney
Crossword
NBA
Harry Potter
Kpop
NFL
Song
Puzzle
Country
WWE
The Office
Pokémon
Soccer
hide this ad
More By:
blue1924
Quiz
Plays
Rating
Category
Featured
Created
A Song of Ice and Fire Logic Puzzle
11,879
3.52
Literature
Oct 29, 2014
A Song of Ice and Fire Logic Puzzle 2
10,598
3.07
Literature
Nov 7, 2014
A Song of Ice and Fire Mentioned but Never Appear
1,657
3.88
Literature
Oct 27, 2014
A Song of Ice and Fire Character Connections Top 50
1,246
3.80
Literature
Oct 28, 2014
Most Mentioned A Song of Ice and Fire Characters Who
768
4.20
Literature
Nov 14, 2014
Go to Creator's Profile
Score Distribution
Quiz Creator Spotlight
blue1924
Follow
Send a Message
Quizzes Created
-
Created Quiz Play Count
-
More By This Creator
Popular Quizzes Today
1
Find the US States - No Outlines Minefield
2
Find the Countries of Europe - No Outlines Minefield
3
The Countries of the World
4
Find the US States
5
Popular People in 1961
6
US States
7
Risky Map Clicking: Biggest States A-Z
8
1-10 Letter E Words III
More Literature Quizzes
4x4 Image Crossword: Authors
Published
Trending Quizzes
Risky Map Clicking: Least Populous States A-Z
1-10 Letter G Words
1-10 Letter F Words
One Thing in Common: United Kingdom
Risky Map Clicking: Next State Alphabetically
Recently Updated
Leaping Animals
pecheneg
Reality TV Shows (A-Z)
bhenderson79
Rickey Henderson's Hall of Fame Teammates
pecheneg
Champions League XIs: Arsenal
pecheneg
Quick Pick: Celebrities in WWE's Hall of Fame
aduchscher
A-Z Keypad Blitz II
pecheneg
Multiple Oscar Actors
pecheneg
Mystery Phrase Blitz: Oscar 'Best Actors'
pecheneg
F. Scott Fitzgerald Novels
LTH
Pick 3 Villains
ddd62291
Trending Topics
Anime
Disney
Harry Potter
NBA
Kpop
Marvel
Crossword
Pokémon
Soccer
Song
NFL
The Office
WWE
Country
Puzzle
Your Account Isn't Verified!
In order to create a playlist on Sporcle, you need to verify the email address you used during registration. Go to your
Sporcle Settings
to finish the process.
Report this User
Report this user for behavior that violates our
Community Guidelines
.
Details:
Send Report
Go to the Sporcle.com Mobile Site →
Comments